000 00295nam a22001337a 4500
008 171013b xxu||||| |||| 00| 0 eng d
020 _a9780205763122
041 _aeng
080 _a316
100 _a51
101 _aSOC
245 _aESSENTIALS OF SOCIOLOGY
_cHENSLIN, J.M
942 _2udc
_cBK
999 _c33716
_d33716